ՀՀ Գիտությունների ազգային ակադեմիայի հիմնարար գիտական գրադարան  =   Fundamental Scientific Library of NAS RA

Խորենացուն Խորենացով պէտք է հասկանալ / (Record no. 126386)

MARC details
000 -LEADER
fixed length control field 01354nam a2200253 a 4500
001 - CONTROL NUMBER
control field 000335593
003 - CONTROL NUMBER IDENTIFIER
control field AM-YeHGA
005 - DATE AND TIME OF LATEST TRANSACTION
control field 20250618072110.0
008 - FIXED-LENGTH DATA ELEMENTS--GENERAL INFORMATION
fixed length control field 040518s1899 ai 000 | arm d
040 ## - CATALOGING SOURCE
Original cataloging agency AM-YeHGA
041 0# - LANGUAGE CODE
Language code of text/sound track or separate title arm
090 ## - LOCALLY ASSIGNED LC-TYPE CALL NUMBER (OCLC); LOCAL CALL NUMBER (RLIN)
-- 127748
100 1# - MAIN ENTRY--PERSONAL NAME
Personal name Գէորգեան, Բարդուղիմէոս
245 10 - TITLE STATEMENT
Title Խորենացուն Խորենացով պէտք է հասկանալ /
Statement of responsibility, etc. Բարդուղիմէոս վարդ. Գէորգեան (Ճուղուրեանց) Վաղարշապատցի.
260 ## - PUBLICATION, DISTRIBUTION, ETC.
Place of publication, distribution, etc. Վաղարշապատ :
Name of publisher, distributor, etc. տպ. Մայր Աթոռոյ Ս. Էջմիածնի,
Date of publication, distribution, etc. 1899.
300 ## - PHYSICAL DESCRIPTION
Extent 108 էջ ;
Dimensions 18 սմ.
501 ## - WITH NOTE
With note Ալիգ. 1 : Կազմակից են՝ Հաուպտման(Համառօտ կենսագր.).-Ս.-Պետերբուրգ,1902; Ա. Չիլինգարեան՝ Էլէքտրականութիւն.-Աղէքսանդրապօլ,1902; Ն. Ելէոնսկի՝ Մարդկային կեանքի վախճանական նպատակը.-Վաղարշապատ,1901
504 ## - BIBLIOGRAPHY, ETC. NOTE
Bibliography, etc. note Մատենագիտ. տողատ. ծանոթ.
505 10 - FORMATTED CONTENTS NOTE
Miscellaneous information Հ. 1 (1899, 108 էջ)
600 04 - SUBJECT ADDED ENTRY--PERSONAL NAME
Personal name Մովսես Խորենացի,
Dates associated with a name V դ.
650 14 - SUBJECT ADDED ENTRY--TOPICAL TERM
Topical term or geographic name entry element Հայոց պատմություն
650 14 - SUBJECT ADDED ENTRY--TOPICAL TERM
Topical term or geographic name entry element Հայ պատմիչների ստեղծագործությունները որպես պատմական աղբյուրներ
9 (RLIN) 4992
942 ## - ADDED ENTRY ELEMENTS (KOHA)
Source of classification or shelving scheme Universal Decimal Classification
Koha item type Գրքեր / Books
Holdings
Withdrawn status Lost status Source of classification or shelving scheme Damaged status Not for loan Collection Home library Current library Date acquired Total checkouts Full call number Barcode Date last seen Price effective from Koha item type Public note
    Universal Decimal Classification     Vache Nalbandyan Individual Collection Fundamental Scientific Library Fundamental Scientific Library 22/12/2016   Nalb/259 FL0276215 22/12/2016 22/12/2016 Գրքեր / Books ILL Non-Circ.
    Universal Decimal Classification     Hovhannisian Individual Collection Fundamental Scientific Library Fundamental Scientific Library 25/10/2018   Հովհ/3199 FL0521646 25/10/2018 25/10/2018 Գրքեր / Books ILL Non-Circ.


ՀՀ ԳԱԱ հիմնարար գիտական գրադարան
ՀՀ,Երևան 0019
Մարշալ Բաղրամյան 24/6
հեռախոս:(374-10) 52-47-50
Հետադարձ կապ

All site content, except where otherwise noted, is licensed under a
Creative Commons License